000 00370nam a2200145Ia 4500
008 220217s9999||||xx |||||||||||||| ||und||
020 _a0-07-041183-2
082 _a005.13 SCH
100 _aSchildt, Herbert
245 0 _aComplete reference C
250 _a4th
260 _aTata mcgraw hill
_bNew Delhi
_c2000
300 _b0
650 _aPROGRAMMING LANGUAGE
999 _c167900
_d167900